zpět

Detail výsledku týmu

D9vítka, Šumperk

Datum a čas kvízu

25 Celkem bodů Celkový počet nahraných bodů na tomto kvízu bez doplňovacích otázek.
7. Pořadí na kvízu Konečné umístění týmu na tomto kvízu.

Zaznamenané odpovědi

# Otázka Odpověď Body Výsledky
1. Andrej Babiš byl dle očekávání... jeden 1
2. Nepálské úřady minulý týden oz... C) pytlíkem na výkaly 1
3. Angličan Paul Gibbons tvrdí, ž... tank 0
4. Firma Google minulý týden přej... Gemini 0
5. Který útočník minulý týden dok... Martin Nečas. 0
6. Vítězné téma facebookového hla... 1A 2C 3B 4D 0
7. Dne 18. dubna 1997 byli odsouz... Orličtí vrazi 1
8. Devadesátkovou klasikou je fil... Fuck Off Guys Good Day 0
9. V roce 1994 vyšel první díl he... Tekken 0
10. Ke kterému městu se v souvislo... Vsetín 1